Najczęściej odgadywane miasta według państwa #2 - Statystyki

Ogólne statystyki
  • Ten quiz został rozwiązany 3 195 razy
    3 167 od ostatniego zresetowania
  • Średni wynik to 22 z 40
Statystyki odpowiedzi
Państwo % Miasto % Poprawnych
Stany Zjednoczone 97 Nowy Jork
97%
Włochy 100 Rzym
97%
Chiny 99 Pekin
93%
Meksyk 100 Meksyk
91%
Stany Zjednoczone 84 Waszyngton
90%
Stany Zjednoczone 89 Los Angeles
89%
Australia 98 Sydney
89%
Włochy 92 Mediolan
88%
Szwajcaria 97 Berno
84%
Włochy 85 Neapol
82%
Australia 85 Canberra
75%
Stany Zjednoczone 74 Chicago
75%
Włochy 78 Wenecja
74%
Włochy 82 Turyn
73%
Chiny 88 Szanghaj
71%
Szwajcaria 90 Zurych
71%
Kolumbia 100 Bogota
70%
Republika Południowej Afryki 84 Johannesburg
65%
Republika Południowej Afryki 98 Kapsztad
63%
Australia 79 Melbourne
59%
Stany Zjednoczone 59 San Francisco
57%
Republika Południowej Afryki 95 Pretoria
55%
Szwajcaria 78 Genewa
53%
Australia 80 Perth
51%
Chiny 63 Hongkong
49%
Chiny 62 Wuhan
43%
Kolumbia 88 Medellín
40%
Chiny 63 Kanton
37%
Szwajcaria 65 Bazylea
36%
Meksyk 84 Guadalajara
34%
Australia 55 Brisbane
30%
Szwajcaria 45 Lozanna
26%
Kolumbia 67 Cali
25%
Meksyk 75 Monterrey
23%
Republika Południowej Afryki 61 Bloemfontein
20%
Meksyk 59 Tijuana
18%
Republika Południowej Afryki 64 Durban
16%
Kolumbia 54 Barranquilla
10%
Meksyk 56 Cancún
10%
Kolumbia 49 Kartagena
8%
Nie znaleziono quizów pasujących do podanych kryteriów
Rozkład punktacji
Procent ludzi z każdym wynikiem
Percentyl według liczby udzielonych odpowiedzi
Twoja historia wyników
Nie rozwiązałeś tego quizu od ostatniego zresetowania